[Event "Canadian op"]
[Site "Windsor"]
[Date "2016.07.16"]
[Round "7"]
[White "Chaichi, Navid"]
[Black "Li, Ben"]
[Result "0-1"]
[WhiteElo "2134"]
[BlackElo "2324"]
[PlyCount "56"]
[EventDate "2016.07.10"]
[EventType "swiss"]
[EventRounds "9"]
[EventCountry "CAN"]
[SourceTitle "EXT 2017"]
[Source "ChessBase"]
[SourceDate "2016.10.25"]
[SourceVersion "1"]
[SourceVersionDate "2016.10.25"]
[SourceQuality "1"]

1. e4 c5 2. Nf3 d6 3. d4 cxd4 4. Qxd4 Nc6 5. Qe3 Nf6 6. Bc4 e6 7. Nc3 Be7 8. Bd2 a6 9. a4 d5 10. e5 Ng8 11. Bb3 d4 12. Qe4 dxc3 13. Bxc3 f5 14. exf6 Nxf6 15. Qe2 0-0 16. Ng5 Nd4 17. Bxd4 Qxd4 18. Bxe6+ Bxe6 19. Qxe6+ Kh8 20. 0-0 Bc5 21. Rad1 Qf4 22. Nf7+ Rxf7 23. Qxf7 Rf8 24. Qb3 Ng4 25. Qg3 Qxg3 26. hxg3 Nxf2 27. Rxf2 Bxf2+ 28. Kh2 Kg8 0-1

[Event "Canadian op"]
[Site "Windsor"]
[Date "2016.07.13"]
[Round "4"]
[White "Chaichi, Navid"]
[Black "Szabo, Gergely Andras"]
[Result "0-1"]
[WhiteElo "2134"]
[BlackElo "2546"]
[PlyCount "94"]
[EventDate "2016.07.10"]
[EventType "swiss"]
[EventRounds "9"]
[EventCountry "CAN"]
[SourceTitle "EXT 2017"]
[Source "ChessBase"]
[SourceDate "2016.10.25"]
[SourceVersion "1"]
[SourceVersionDate "2016.10.25"]
[SourceQuality "1"]

1. e4 e6 2. d4 d5 3. Nc3 Nc6 4. Bb5 dxe4 5. Bxc6+ bxc6 6. Nxe4 Qd5 7. Qf3 Nf6 8. Nxf6+ gxf6 9. Bf4 Rb8 10. Qxd5 cxd5 11. 0-0-0 Kd7 12. Nf3 Ba6 13. Nd2 Rb4 14. c3 Ra4 15. b3 Rxa2 16. Kb1 Ra5 17. Kb2 Be2 18. Rde1 Bd3 19. Ra1 Rxa1 20. Rxa1 a6 21. c4 Bb4 22. Rxa6 Rb8 23. Ra7 e5 24. dxe5 dxc4 25. e6+ Kxe6 26. Rxc7 Bxd2 27. Bxd2 Rxb3+ 28. Ka2 Rb6 29. Bc3 Be4 30. g3 Bd5 31. Ra7 Kf5 32. Re7 Be6 33. Ra7 Ke4 34. Ra3 Kd3 35. Ba5+ c3+ 36. Ka1 Rc6 37. Kb1 Rc5 38. Kc1 h5 39. Bb4 Rc4 40. Ba5 Rc5 41. Bd8 f5 42. Bf6 Bd5 43. f4 Be4 44. Be7 Rb5 45. Bf6 Ke2 46. Ra2+ c2 47. Rb2 Rd5 0-1

[Event "Kitchener CAN Masters"]
[Site "Kitchener"]
[Date "2015.08.01"]
[Round "3"]
[White "Fedorowicz, John P"]
[Black "Chaichi, Navid"]
[Result "1-0"]
[WhiteElo "2428"]
[BlackElo "2109"]
[PlyCount "51"]
[EventDate "2015.07.31"]
[EventType "schev"]
[EventRounds "10"]
[EventCountry "CAN"]
[SourceTitle "EXT 2016"]
[Source "ChessBase"]
[SourceDate "2015.10.08"]
[SourceVersion "1"]
[SourceVersionDate "2015.10.08"]
[SourceQuality "1"]
[WhiteTeam "Team 1"]
[BlackTeam "Team 2"]
[WhiteTeamCountry "CAN"]
[BlackTeamCountry "CAN"]

1. d4 Nf6 2. c4 e5 3. dxe5 Ng4 4. Bf4 g5 5. Bg3 Nc6 6. Nf3 Bg7 7. Nc3 Ngxe5 8. Nxe5 Nxe5 9. e3 d6 10. h4 Be6 11. Rc1 g4 12. h5 f5 13. h6 Bf6 14. Nd5 Bxd5 15. Qxd5 Qe7 16. c5 c6 17. Qxd6 Qxd6 18. cxd6 Rd8 19. Rh5 Ng6 20. Rxf5 Bxb2 21. Rc4 Rf8 22. Bd3 Ba3 23. Re4+ Kd7 24. Rxf8 Rxf8 25. Rxg4 Nh8 26. Rg7+ 1-0

[Event "Kitchener CAN Masters"]
[Site "Kitchener"]
[Date "2015.07.31"]
[Round "1"]
[White "Song, Michael"]
[Black "Chaichi, Navid"]
[Result "1-0"]
[WhiteElo "2316"]
[BlackElo "2109"]
[PlyCount "53"]
[EventDate "2015.07.31"]
[EventType "schev"]
[EventRounds "10"]
[EventCountry "CAN"]
[SourceTitle "EXT 2016"]
[Source "ChessBase"]
[SourceDate "2015.10.08"]
[SourceVersion "1"]
[SourceVersionDate "2015.10.08"]
[SourceQuality "1"]
[WhiteTeam "Team 1"]
[BlackTeam "Team 2"]
[WhiteTeamCountry "CAN"]
[BlackTeamCountry "CAN"]

1. d4 Nf6 2. c4 e6 3. Nc3 Bb4 4. e3 0-0 5. Bd3 d5 6. a3 dxc4 7. Bxc4 Be7 8. Nf3 b6 9. e4 Bb7 10. Qe2 c5 11. dxc5 bxc5 12. 0-0 Nc6 13. Rd1 Qc8 14. e5 Nd7 15. Nb5 Nb6 16. Bd3 Rd8 17. Be3 Nd5 18. Bg5 Nd4 19. Nbxd4 cxd4 20. Rac1 Qb8 21. Qe4 g6 22. Qh4 Rd7 23. Bxe7 Rxe7 24. Qe4 Qd8 25. Ng5 Nb6 26. Qh4 f5 27. exf6 1-0